000 01034nam0a22003011 4500
001 v19\rc\1872898
005 20251118180245.7
035 _a(NLR Aleph) 004963725
090 _a6011201
_c6011201
100 _a20080221d1910 u y0rusy50 ca
101 0 _arus
102 _aRU
105 _ay z |||||
200 1 _aСлужба и довольствие жеребьевых
_fИ. Защук
210 _aСанкт-Петербург
_cВ. Березовский
_d1910
215 _a27 с.
_d18
300 _aИз предисл.: В книгу эту вошли статьи, помещенные в журн. "Витязь"
700 1 _7ca
_8rus
_aЗащук
_bИ. И.
_f1845-1918
_gИосиф Иосифович
_9210938
_3RU\NLR\AUTH\770210994
801 0 _aRU
_bNLR
_gpsbo
801 0 _aRU
_bRuMoRGB
_2psbo
801 1 _aRU
_bProSoft-M
_2rusmarc
852 _aNLR
_j37.44.10.287
899 _aRuMoRGB
_jЪ 407/259
899 _aБАН
899 _aRuMoRGB
_jF 117/276
899 _aRuMoRGB
_jЪ 67/193
942 _cBOOK
980 _aNB